Normal view
MARC view
Entry Personal Name
001 - CONTROL NUMBER
- control field: 1044296
003 - CONTROL NUMBER IDENTIFIER
- control field: OSt
005 - DATE AND TIME OF LATEST TRANSACTION
- control field: 20260121161415.0
008 - FIXED-LENGTH DATA ELEMENTS
- fixed length control field: 260121|| aca||aabn | a|a d
040 ## - CATALOGING SOURCE
- Original cataloging agency: OSt
- Transcribing agency: OSt
100 ## - HEADING--PERSONAL NAME
- Personal name: Applications of Artificial Intelligence in 5G and Internet of Things
670 ## - SOURCE DATA FOUND
- Source citation: Work cat.: (OSt)1610555: Applications of Artificial Intelligence in 5G and Internet of Things, Vinod M. Kapse; Lalit Garg; Pavan Kumar Shukla; Varadraj Gurupur; Amit Krishna Dwivedi
